[Event "Turkish Cup 2022"]
[Site "Sakarya"]
[Date "2022.04.01"]
[Round "11.25"]
[White "Koc, Ilkay"]
[Black "Sahin, Fehim"]
[Result "1-0"]
[WhiteElo "1995"]
[BlackElo "1648"]
[Annotator "TA"]
[PlyCount "74"]
[EventDate "2022.03.25"]
[EventType "swiss"]
[EventCountry "TUR"]
[SourceTitle "playchess.com"]
[Source "ChessBase"]
[SourceQuality "1"]

1. d4 c6 2. c4 d5 3. Nf3 Nf6 4. e3 Bg4 5. Qb3 Qb6 6. Nc3 e6 7. Nh4 Be7 8. h3 Bh5 9. g4 Bg6 10. Nxg6 hxg6 11. Bg2 Nbd7 12. g5 Nh5 13. h4 Qc7 14. cxd5 exd5 15. Bd2 Nf8 16. O-O-O Ne6 17. Kb1 O-O 18. Ne2 b5 19. f4 Rfe8 20. Bf3 Nf8 21. Rhg1 a5 22. Qc2 Bb4 23. Bc1 Bd6 24. f5 Ng3 25. Nxg3 Bxg3 26. h5 gxf5 27. Qxf5 Bf2 28. Rh1 Qd7 29. Qf4 Qe6 30. Rd3 f6 31. Bg2 fxg5 32. Qxf2 Nd7 33. Rdd1 Nb6 34. Qg3 Qf5+ 35. Ka1 Nc4 36. Rdf1 Qd3 37. Qxg5 Rxe3 1-0

[Event "Turkish Cup 2022"]
[Site "Sakarya"]
[Date "2022.04.01"]
[Round "11.27"]
[White "Tocoglu, Onur"]
[Black "Ibik, Halit Yavuz"]
[Result "1-0"]
[WhiteElo "1798"]
[BlackElo "1996"]
[Annotator "NA RC"]
[PlyCount "95"]
[EventDate "2022.03.25"]
[EventType "swiss"]
[EventCountry "TUR"]
[SourceTitle "playchess.com"]
[Source "ChessBase"]
[SourceQuality "1"]

1. e4 c5 2. Nf3 d6 3. d4 cxd4 4. Qxd4 Nf6 5. e5 Nc6 6. Bb5 Ng4 7. exd6 Qxd6 8. Qxd6 exd6 9. O-O Bd7 10. Re1+ Nce5 11. Nc3 O-O-O 12. Nxe5 Nxe5 13. Be3 Bxb5 14. Nxb5 a6 15. Nc3 Nc4 16. b3 Nxe3 17. Rxe3 g6 18. Rd1 Bg7 19. Nd5 Rhe8 20. Rde1 Re5 21. c4 Rde8 22. Kf1 Kd7 23. f4 Rxe3 24. Rxe3 Rxe3 25. Nxe3 Kc6 26. Ke2 Kc5 27. Kd3 Bd4 28. b4+ Kxb4 29. Kxd4 Ka3 30. Kd5 b5 31. cxb5 axb5 32. Kxd6 Kxa2 33. Kc5 Kb3 34. Nd5 Kc2 35. Kd4 Kd2 36. g4 Ke2 37. g5 Kf3 38. Ke5 Kg2 39. Kf6 Kxh2 40. Kxf7 Kg3 41. Kf6 Kg4 42. Kg7 b4 43. Nxb4 Kxf4 44. Kh6 Kf5 45. Nd5 Kg4 46. Nf6+ Kf4 47. Nxh7 Kf5 48. Nf8 1-0

[Event "Turkish Cup 2022"]
[Site "Sakarya"]
[Date "2022.04.01"]
[Round "11.28"]
[White "Colak, Tugay"]
[Black "Kavri, Yusuf Eren"]
[Result "0-1"]
[WhiteElo "1701"]
[BlackElo "1886"]
[Annotator "COMBH"]
[PlyCount "68"]
[EventDate "2022.03.25"]
[EventType "swiss"]
[EventCountry "TUR"]
[SourceTitle "playchess.com"]
[Source "ChessBase"]
[SourceQuality "1"]

1. d4 e6 2. c4 Nf6 3. Nc3 Bb4 4. Qc2 O-O 5. a3 Bxc3+ 6. Qxc3 b6 7. Nf3 Bb7 8. e3 d6 9. Bd3 Nbd7 10. Qc2 e5 11. d5 a5 12. b3 c6 13. e4 Rc8 14. Qe2 cxd5 15. cxd5 Nc5 16. Nd2 Nh5 17. g3 f5 18. b4 Nxd3+ 19. Qxd3 axb4 20. axb4 Nf6 21. O-O Qd7 22. Bb2 fxe4 23. Nxe4 Nxe4 24. Qxe4 Qb5 25. Rfd1 Rc4 26. Qd3 Rfc8 27. Ra7 Qd7 28. Qe3 Qc7 29. Ba3 Rc3 30. Qg5 Qf7 31. b5 Qf3 32. Qd2 Rc2 33. Qe1 Bxd5 34. Rxd5 Qxd5 0-1

[Event "Turkish Cup 2022"]
[Site "Sakarya"]
[Date "2022.04.01"]
[Round "11.29"]
[White "Canbulan, Arda"]
[Black "Cil, Batuhan"]
[Result "1/2-1/2"]
[WhiteElo "1867"]
[BlackElo "1737"]
[Annotator "COMBH"]
[PlyCount "99"]
[EventDate "2022.03.25"]
[EventType "swiss"]
[EventCountry "TUR"]
[SourceTitle "playchess.com"]
[Source "ChessBase"]
[SourceQuality "1"]

1. e4 c6 2. d4 d5 3. Nd2 dxe4 4. Nxe4 Nf6 5. Nxf6+ gxf6 6. Nf3 Rg8 7. Qd3 Qa5+ 8. Bd2 Qf5 9. Qxf5 Bxf5 10. O-O-O Nd7 11. Nh4 Bg6 12. Nxg6 hxg6 13. Bc4 e6 14. h4 Nb6 15. Bd3 O-O-O 16. c3 Nd5 17. Be2 Bd6 18. g3 f5 19. c4 Nc7 20. Bg5 Rd7 21. Bf3 Be7 22. Bxe7 Rxe7 23. h5 gxh5 24. Rxh5 Ne8 25. d5 cxd5 26. cxd5 Rc7+ 27. Kb1 Nf6 28. Rh6 Nxd5 29. Bxd5 exd5 30. Rf6 Rd8 31. Rxf5 d4 32. Rc1 Rdd7 33. Rfc5 Rxc5 34. Rxc5+ Rc7 35. Rxc7+ Kxc7 36. Kc2 Kd6 37. Kd3 Ke5 38. f4+ Kf5 39. Kxd4 Kg4 40. Ke5 Kxg3 41. f5 Kg4 42. Kf6 a5 43. a4 Kf4 44. Kxf7 Kxf5 45. Ke7 Ke5 46. Kd7 Kd5 47. Kc7 Kc5 48. Kxb7 Kb4 49. Kb6 Kxa4 50. b3+ 1/2-1/2

[Event "Turkish Cup 2022"]
[Site "Sakarya"]
[Date "2022.04.01"]
[Round "11.30"]
[White "Tahaoglu, Erkin"]
[Black "Unesi, Erdal"]
[Result "0-1"]
[WhiteElo "1694"]
[BlackElo "1861"]
[Annotator "NA RC"]
[PlyCount "94"]
[EventDate "2022.03.25"]
[EventType "swiss"]
[EventCountry "TUR"]
[SourceTitle "playchess.com"]
[Source "ChessBase"]
[SourceQuality "1"]

1. e4 d5 2. exd5 Nf6 3. Nc3 Nxd5 4. Qf3 Nf6 5. b3 Nc6 6. Bb5 Bd7 7. Bb2 a6 8. Be2 Nd4 9. Qg3 Nxc2+ 10. Kf1 Nxa1 11. Bxa1 Bc6 12. Nf3 Qd6 13. Qg5 h6 14. Qh4 g5 15. Qg3 Rd8 16. d4 Bg7 17. Ne5 Ne4 18. Nxe4 Bxe4 19. h4 Qf6 20. Bh5 O-O 21. Bb2 c5 22. dxc5 Qf4 23. Qxf4 gxf4 24. Ke2 Rd5 25. Rd1 Rxe5 26. Bxe5 Bxe5 27. Rd7 Bc6 28. Rd1 Kg7 29. Bf3 Rc8 30. Bxc6 Rxc6 31. Rd7 Rc7 32. Rd5 Kf6 33. b4 Ke6 34. Rd8 Rd7 35. Ra8 Kd5 36. Kd3 e6 37. h5 f5 38. Re8 Rg7 39. a4 Rxg2 40. Rd8+ Kc6 41. Kc4 Rxf2 42. b5+ axb5+ 43. axb5+ Kc7 44. Re8 Kd7 45. Rf8 Rc2+ 46. Kd3 Rc3+ 47. Ke2 f3+ 0-1

[Event "Turkish Cup 2022"]
[Site "Sakarya"]
[Date "2022.04.01"]
[Round "11.31"]
[White "Kilic, Cihan"]
[Black "Kaygisiz, Ozgur Can"]
[Result "1-0"]
[WhiteElo "1874"]
[BlackElo "1744"]
[Annotator "COMBH"]
[PlyCount "97"]
[EventDate "2022.03.25"]
[EventType "swiss"]
[EventCountry "TUR"]
[SourceTitle "playchess.com"]
[Source "ChessBase"]
[SourceQuality "1"]

1. d4 Nf6 2. Nf3 c5 3. c3 cxd4 4. cxd4 d5 5. Bf4 e6 6. Nbd2 Bd6 7. Bxd6 Qxd6 8. e3 O-O 9. Bd3 b6 10. O-O Ba6 11. Bxa6 Nxa6 12. Qa4 Nc7 13. Rac1 Rfc8 14. Rc6 Qd8 15. Rfc1 Nce8 16. Rxc8 Rxc8 17. Rxc8 Qxc8 18. Qxa7 Ne4 19. g3 Nxd2 20. Nxd2 Qc7 21. Qxc7 Nxc7 22. Kf1 Kf8 23. Ke2 Ke7 24. Kd3 Kd6 25. Kc3 Kc6 26. b4 b5 27. Kb3 f6 28. a4 bxa4+ 29. Kxa4 Nb5 30. Ka5 h6 31. Nb3 e5 32. h3 g6 33. f4 e4 34. g4 f5 35. gxf5 gxf5 36. Nc5 h5 37. h4 Nc3 38. Ka6 Nb5 39. Ne6 Nd6 40. b5+ Kd7 41. Nc5+ Kc8 42. b6 Kb8 43. b7 Kc7 44. Ka7 Nb5+ 45. Ka8 Kc6 46. b8=Q Nc7+ 47. Ka7 Nb5+ 48. Ka6 Nc7+ 49. Ka5 1-0

[Event "Turkish Cup 2022"]
[Site "Sakarya"]
[Date "2022.04.01"]
[Round "11.32"]
[White "Karadag, Eflatun Cem"]
[Black "Filizci, Kivanc"]
[Result "1-0"]
[WhiteElo "1800"]
[BlackElo "1658"]
[Annotator "NA RC"]
[PlyCount "75"]
[EventDate "2022.03.25"]
[EventType "swiss"]
[EventCountry "TUR"]
[SourceTitle "playchess.com"]
[Source "ChessBase"]
[SourceQuality "1"]

1. e4 c5 2. Nf3 d6 3. d4 cxd4 4. Qxd4 e5 5. Bb5+ Bd7 6. Bxd7+ Qxd7 7. Qd3 Be7 8. Nc3 Nc6 9. a3 h6 10. Be3 Nf6 11. O-O-O Ng4 12. Bc5 O-O-O 13. Be3 Nxe3 14. fxe3 g6 15. Qc4 Qe6 16. Nd5 Kb8 17. Rd3 f5 18. Rb3 Qc8 19. Rd1 Rh7 20. exf5 gxf5 21. e4 Na5 22. Qxc8+ Rxc8 23. Rb5 fxe4 24. Nd2 e3 25. Rxa5 exd2+ 26. Kxd2 Bg5+ 27. Kd3 b6 28. Ra4 Rf7 29. h4 Rc5 30. Nb4 Bd8 31. Na6+ Kb7 32. Nxc5+ bxc5 33. Ke3 Kc6 34. Rg4 d5 35. Rg6+ Rf6 36. h5 Kd6 37. Rf1 Ke6 38. c4 1-0

[Event "Turkish Cup 2022"]
[Site "Sakarya"]
[Date "2022.04.01"]
[Round "11.34"]
[White "Gursu, Sungur"]
[Black "Kurdas, Halil Ibrahim"]
[Result "1-0"]
[WhiteElo "1562"]
[BlackElo "1850"]
[Annotator "NA RC"]
[PlyCount "55"]
[EventDate "2022.03.25"]
[EventType "swiss"]
[EventCountry "TUR"]
[SourceTitle "playchess.com"]
[Source "ChessBase"]
[SourceQuality "1"]

1. e4 c5 2. b4 cxb4 3. a3 d5 4. exd5 Qxd5 5. Nf3 Bg4 6. axb4 Nc6 7. Nc3 Qe6+ 8. Qe2 Qd7 9. h3 Nd4 10. Qd3 Bxf3 11. gxf3 e5 12. Nb5 Nf6 13. Bb2 Nd5 14. Nxd4 exd4 15. Qxd4 Bxb4 16. Bc4 Nb6 17. Bb3 Qe7+ 18. Kf1 Bc5 19. Qc3 O-O-O 20. Ra5 Nd7 21. d4 Rhe8 22. dxc5 Ne5 23. Qxe5 Qh4 24. Qf5+ Kb8 25. Be5+ Ka8 26. Kg2 a6 27. c6 Rd2 28. Bd5 1-0

[Event "Turkish Cup 2022"]
[Site "Sakarya"]
[Date "2022.04.01"]
[Round "11.35"]
[White "Ozturk, Mustafa"]
[Black "Hatirli, Ugur Can"]
[Result "0-1"]
[WhiteElo "1375"]
[BlackElo "1818"]
[Annotator "COMBH"]
[PlyCount "112"]
[EventDate "2022.03.25"]
[EventType "swiss"]
[EventCountry "TUR"]
[SourceTitle "playchess.com"]
[Source "ChessBase"]
[SourceQuality "1"]

1. e4 c5 2. Nf3 a6 3. c3 d5 4. exd5 Qxd5 5. Na3 Bg4 6. Be2 Nf6 7. Nc2 Bh5 8. d4 cxd4 9. Qxd4 Nc6 10. Qb6 Qd7 11. Ne3 e6 12. O-O Bd6 13. Rd1 Qc7 14. Nc4 Qxb6 15. Nxb6 Rd8 16. Nc4 Bc7 17. Rxd8+ Kxd8 18. Be3 Nd5 19. Rd1 Kc8 20. Bc5 Rd8 21. Nd4 Bxe2 22. Nxe2 b6 23. Bd4 b5 24. Nd2 e5 25. Bc5 Nf6 26. f3 Rd5 27. Be3 Rd3 28. Kf2 Nd5 29. Bc5 e4 30. fxe4 Nf6 31. Ke1 Bxh2 32. Nc1 Rg3 33. Kf1 Rg4 34. Re1 Ne5 35. Nf3 Rf4 36. Bd6 Nfg4 37. Re2 Bg3 38. Bxe5 Nxe5 39. Nb3 g5 40. Kg1 Nxf3+ 41. gxf3 Rxf3 42. Kg2 g4 43. Nd4 Rd3 44. Nf5 Be5 45. Nh6 Rg3+ 46. Kf2 Rf3+ 47. Kg2 f6 48. Nf5 Rd3 49. a4 bxa4 50. Ne7+ Kd7 51. Nd5 h5 52. Nb6+ Ke7 53. Nxa4 h4 54. Nc5 h3+ 55. Kg1 Rd1+ 56. Kf2 h2 0-1

[Event "Turkish Cup 2022"]
[Site "Sakarya"]
[Date "2022.04.01"]
[Round "11.36"]
[White "Kaban, Mahmut"]
[Black "Aysoy, Veysi"]
[Result "0-1"]
[WhiteElo "1525"]
[BlackElo "1811"]
[Annotator "COMBH"]
[PlyCount "51"]
[EventDate "2022.03.25"]
[EventType "swiss"]
[EventCountry "TUR"]
[SourceTitle "playchess.com"]
[Source "ChessBase"]
[SourceQuality "1"]

1. e4 d5 2. exd5 Nf6 3. d4 Bg4 4. Bb5+ c6 5. dxc6 Nxc6 6. f3 Bf5 7. Ne2 e6 8. Nbc3 Bd6 9. Be3 Qc7 10. Bd3 Bxd3 11. Qxd3 a6 12. a3 O-O 13. Ne4 Nxe4 14. fxe4 Rad8 15. Qc3 f6 16. O-O-O Rc8 17. Kb1 Qd7 18. Rd2 b5 19. d5 exd5 20. Qb3 Ne7 21. exd5 Kh8 22. Nf4 Rc4 23. Ne6 Rfc8 24. Rhd1 a5 25. Nd4 Bc5 26. Qxb5 0-1

[Event "Turkish Cup 2022"]
[Site "Sakarya"]
[Date "2022.04.01"]
[Round "11.38"]
[White "Ozates, Veysel"]
[Black "Isik, Kadri"]
[Result "0-1"]
[WhiteElo "1645"]
[BlackElo "1858"]
[Annotator "TA"]
[PlyCount "142"]
[EventDate "2022.03.25"]
[EventType "swiss"]
[EventCountry "TUR"]
[SourceTitle "playchess.com"]
[Source "ChessBase"]
[SourceQuality "1"]

1. e4 c5 2. Nf3 d6 3. d4 cxd4 4. Nxd4 Nf6 5. Nc3 a6 6. a4 e5 7. Nf3 Qc7 8. h3 Be7 9. Bg5 Nbd7 10. Bd3 O-O 11. O-O h6 12. Bh4 b6 13. Qe2 Bb7 14. Rad1 Rfe8 15. Nd2 Nc5 16. Bxf6 Bxf6 17. Nc4 Ne6 18. Ne3 Nf4 19. Qf3 g6 20. Bc4 Bg7 21. Rd2 Qc5 22. Rfd1 Bf8 23. Ncd5 Bxd5 24. Bxd5 Ra7 25. Bb3 Kg7 26. Kh2 b5 27. axb5 axb5 28. g3 Ne6 29. c3 b4 30. Nd5 bxc3 31. Qf6+ Kh7 32. bxc3 Ng5 33. Qxg5 hxg5 34. Nf6+ Kh6 35. Nxe8 Qxc3 36. Rd3 Qb2 37. R1d2 Qb1 38. Rd1 Qb2 39. R1d2 Qc1 40. Nxd6 Bxd6 41. Rxd6 Qe1 42. f3 Ra1 43. Bd1 Ra3 44. Kg2 Kg7 45. Rd7 Qe3 46. R7d6 Rc3 47. Rd7 Rc4 48. R7d3 Qb6 49. Rd6 Qb4 50. Kf2 Rd4 51. R6xd4 exd4 52. Rd3 Qb2+ 53. Be2 Kf6 54. f4 gxf4 55. gxf4 Ke6 56. Rd1 Kf6 57. Rd3 Qc1 58. Bf1 Ke6 59. Rf3 Qd2+ 60. Be2 f6 61. Kf1 Kd6 62. Kf2 Ke7 63. Kf1 Kf7 64. Kf2 d3 65. Rxd3 Qxf4+ 66. Bf3 Kg7 67. Rd7+ Kh6 68. Rd8 f5 69. Rh8+ Kg7 70. Re8 Kf7 71. Rh8 fxe4 0-1

[Event "Turkish Cup 2022"]
[Site "Sakarya"]
[Date "2022.04.01"]
[Round "11.39"]
[White "Gazioglu, Halit"]
[Black "Ilcin, Murat Veysi"]
[Result "1-0"]
[WhiteElo "1880"]
[BlackElo "1588"]
[Annotator "COMBH"]
[PlyCount "90"]
[EventDate "2022.03.25"]
[EventType "swiss"]
[EventCountry "TUR"]
[SourceTitle "playchess.com"]
[Source "ChessBase"]
[SourceQuality "1"]

1. Nf3 Nf6 2. d4 g6 3. c4 Bg7 4. Nc3 O-O 5. g3 d6 6. Bg2 Nc6 7. O-O e5 8. dxe5 dxe5 9. Bg5 Be6 10. Qa4 h6 11. Rfd1 Qe7 12. Bxf6 Bxf6 13. Nd5 Bxd5 14. cxd5 Nd4 15. Nxd4 exd4 16. Bf3 Rfe8 17. Rac1 Be5 18. Rc2 Qf6 19. Rd3 a6 20. Qb3 Rab8 21. Rc4 Qf5 22. a4 a5 23. Rc5 b6 24. Rc6 Kg7 25. Bg2 g5 26. h3 h5 27. Qd1 g4 28. Qd2 Re7 29. Qh6+ Kg8 30. hxg4 hxg4 31. Qh4 Rbe8 32. Rh6 Bg7 33. Rh5 Qd7 34. Rg5 Rxe2 35. Rxd4 f5 36. Rf4 Rf8 37. Qh5 Re5 38. Kh2 Rf6 39. Rc4 Kf8 40. Rg6 Qf7 41. Rxf6 Bxf6 42. Qxf7+ Kxf7 43. Rxc7+ Kf8 44. d6 Re8 45. Bd5 Rd8 1-0

[Event "Turkish Cup 2022"]
[Site "Sakarya"]
[Date "2022.04.01"]
[Round "11.40"]
[White "Isbilir, Okan"]
[Black "Kandaz, Berat Efe"]
[Result "1/2-1/2"]
[WhiteElo "1915"]
[BlackElo "1519"]
[Annotator "TA"]
[PlyCount "105"]
[EventDate "2022.03.25"]
[EventType "swiss"]
[EventCountry "TUR"]
[SourceTitle "playchess.com"]
[Source "ChessBase"]
[SourceQuality "1"]

1. Nf3 d5 2. g3 c5 3. Bg2 Nc6 4. O-O e5 5. d3 Be7 6. Nc3 d4 7. Nb1 Be6 8. c3 Nf6 9. Nbd2 h6 10. Nc4 Nd7 11. Ncd2 O-O 12. Ne4 f5 13. Ned2 Nf6 14. Nc4 Qc7 15. Ncd2 Nd5 16. c4 Nf6 17. Ne1 Bd6 18. a3 Rae8 19. Nc2 a5 20. Rb1 e4 21. b4 b6 22. bxc5 bxc5 23. Rb5 Na7 24. Rb3 Nc6 25. Rb5 Ne5 26. Ne1 Bd7 27. Rb1 Bc6 28. Qb3 Rb8 29. Qc2 Rxb1 30. Nxb1 Qb7 31. Bf4 Rb8 32. Nd2 g5 33. Bxe5 Bxe5 34. dxe4 fxe4 35. f3 Qb2 36. Nxe4 Bxe4 37. Qxb2 Rxb2 38. fxe4 Rxe2 39. Nd3 Ng4 40. Bh3 Rd2 41. Bxg4 Rxd3 42. Be6+ Kg7 43. Rf7+ Kg6 44. Rf5 Bd6 45. Rd5 Be7 46. a4 Re3 47. g4 Kf6 48. Bf5 Rc3 49. Bd7 Rxc4 50. Rf5+ Kg7 51. Be6 Rc1+ 52. Kf2 Rc2+ 53. Ke1 1/2-1/2

[Event "Turkish Cup 2022"]
[Site "Sakarya"]
[Date "2022.04.01"]
[Round "11.42"]
[White "Dolek, Gokalp Deniz"]
[Black "Sahin, Huseyin"]
[Result "1-0"]
[WhiteElo "1520"]
[BlackElo "1788"]
[Annotator "COMBH"]
[PlyCount "85"]
[EventDate "2022.03.25"]
[EventType "swiss"]
[EventCountry "TUR"]
[SourceTitle "playchess.com"]
[Source "ChessBase"]
[SourceQuality "1"]

1. e4 c6 2. d4 d5 3. exd5 cxd5 4. Bd3 Nc6 5. c3 Nf6 6. h3 g6 7. Nf3 Bg7 8. O-O O-O 9. Re1 Bf5 10. Bf4 e6 11. Ne5 Bxd3 12. Nxd3 Rc8 13. Nd2 Qb6 14. Qb3 Nd7 15. Qxb6 axb6 16. Nf3 Na5 17. Nfe5 Nxe5 18. Bxe5 Bxe5 19. Nxe5 Nc4 20. Nxc4 Rxc4 21. Kf1 b5 22. a3 Re8 23. Re3 Rc7 24. Rae1 Kg7 25. Ke2 g5 26. Kd3 Rce7 27. g3 Kg6 28. Kc2 Rc8 29. Kb3 Rc4 30. Re5 Rec7 31. f4 gxf4 32. gxf4 R4c6 33. Rg1+ Kf6 34. Rh5 b4 35. axb4 b5 36. Rgg5 Rc8 37. Rh6+ Ke7 38. Rxh7 Rf8 39. f5 Kf6 40. h4 Rcc8 41. Rh6+ Ke7 42. fxe6 fxe6 43. Rgg6 1-0

[Event "Turkish Cup 2022"]
[Site "Sakarya"]
[Date "2022.04.01"]
[Round "11.43"]
[White "Serbulent, Huseyin"]
[Black "Avsar, Gediz"]
[Result "0-1"]
[WhiteElo "1775"]
[BlackElo "1506"]
[Annotator "NA RC"]
[PlyCount "72"]
[EventDate "2022.03.25"]
[EventType "swiss"]
[EventCountry "TUR"]
[SourceTitle "playchess.com"]
[Source "ChessBase"]
[SourceQuality "1"]

1. e4 c5 2. Nf3 g6 3. h4 h5 4. Bc4 Bg7 5. d4 cxd4 6. Nxd4 Nc6 7. Nxc6 bxc6 8. Nc3 d6 9. Qf3 Nf6 10. Bg5 O-O 11. Qd3 Nd7 12. f4 Nc5 13. Qe3 Qb6 14. O-O Qb4 15. e5 Qxc4 16. Bxe7 Re8 17. Bxd6 Nb7 18. Ne4 Bf5 19. Nd2 Qb5 20. c4 Qb6 21. c5 Qd8 22. Nc4 Be6 23. Qd4 Qxh4 24. Ne3 Nxd6 25. cxd6 f6 26. d7 Red8 27. Qd6 Bxd7 28. Rad1 fxe5 29. fxe5 Qe4 30. Qe7 Qxe3+ 31. Kh1 Qxe5 32. Qf7+ Kh7 33. Rfe1 Qf5 34. Qc4 Be6 35. Qe2 Rxd1 36. Rxd1 Bd5 0-1

[Event "Turkish Cup 2022"]
[Site "Sakarya"]
[Date "2022.04.01"]
[Round "11.45"]
[White "Acar, Kaan"]
[Black "Arslan, Tayfun"]
[Result "1-0"]
[WhiteElo "1741"]
[BlackElo "1512"]
[Annotator "NA RC"]
[PlyCount "60"]
[EventDate "2022.03.25"]
[EventType "swiss"]
[EventCountry "TUR"]
[SourceTitle "playchess.com"]
[Source "ChessBase"]
[SourceQuality "1"]

1. e4 c5 2. Nf3 Nc6 3. d4 cxd4 4. Nxd4 e5 5. Nb5 d6 6. N1c3 a6 7. Na3 b5 8. Nd5 Nf6 9. Bg5 Be7 10. Bxf6 Bxf6 11. c3 O-O 12. Nc2 Bg5 13. Bd3 Ne7 14. Nce3 Bxe3 15. Nxe3 f5 16. exf5 d5 17. Qb3 Kh8 18. Rd1 d4 19. Be4 Ra7 20. O-O Bxf5 21. Nxf5 Nxf5 22. Bxf5 Rxf5 23. Qe6 Qd7 24. Qb6 Rb7 25. Qxa6 Rf8 26. f4 b4 27. fxe5 Rxf1+ 28. Rxf1 Rb8 29. e6 Qd5 30. e7 Re8 1-0

[Event "Turkish Cup 2022"]
[Site "Sakarya"]
[Date "2022.04.01"]
[Round "11.46"]
[White "Er, Mira"]
[Black "Basaran, Cahit"]
[Result "1-0"]
[WhiteElo "1415"]
[BlackElo "1782"]
[Annotator "NA RC"]
[PlyCount "109"]
[EventDate "2022.03.25"]
[EventType "swiss"]
[EventCountry "TUR"]
[SourceTitle "playchess.com"]
[Source "ChessBase"]
[SourceQuality "1"]

1. e4 e5 2. Nf3 Nc6 3. Bb5 a6 4. Ba4 Nf6 5. O-O d6 6. d4 b5 7. Bb3 Bg4 8. c3 Bxf3 9. Qxf3 exd4 10. Bf4 Be7 11. Rd1 Ne5 12. Bxe5 dxe5 13. cxd4 Qd6 14. Nc3 O-O 15. Qf5 exd4 16. e5 Qd7 17. Qf3 Bd6 18. Rxd4 Qe7 19. exd6 cxd6 20. Rad1 Rad8 21. Ne4 Nxe4 22. Qxe4 Qc7 23. Qd3 Rfe8 24. g3 Qc6 25. h4 g6 26. Qc3 Qb6 27. Qf3 Qc7 28. h5 Kg7 29. hxg6 hxg6 30. Qc3 Qxc3 31. bxc3 a5 32. Rxd6 Rxd6 33. Rxd6 a4 34. Bd5 Rc8 35. Bc6 a3 36. Kf1 Kf8 37. Bxb5 Rxc3 38. Rd3 Rc5 39. Ba4 Ra5 40. Bb3 Ra7 41. Ke2 f6 42. Kd2 Ke7 43. Kc3 Rb7 44. Rd4 Rb5 45. Rd5 Rb8 46. Ra5 Rh8 47. Ra7+ Kd6 48. Rxa3 Rh2 49. Ra6+ Ke5 50. Re6+ Kf5 51. Re2 Kg4 52. f3+ Kxg3 53. Rxh2 Kxh2 54. a4 Kg3 55. a5 1-0